| 000 | 00643nam a22002057a 4500 | ||
|---|---|---|---|
| 999 |
_c64518 _d64518 |
||
| 005 | 20240530110735.0 | ||
| 008 | 180715q1952 ua g 000 0 ara d | ||
| 040 |
_aEG-CaGPL _cEG-CaGPL |
||
| 082 | 0 | 4 |
_221 _a193 / _bب ص |
| 100 | 0 | _aبولس سلامة | |
| 245 | 1 | 2 |
_aالصراع فى الوجود / _cبولس سلامة |
| 260 |
_aالقاهرة : _bدار المعارف، _c[1952]. |
||
| 300 |
_a462 ص. ؛ _c24 سم. |
||
| 650 | 0 | 7 |
_2qrmak _aالفلسفة الغربية |
| 650 | 0 | 7 |
_2qrmak _aالفلسفة |
| 650 | 0 | 7 |
_2qrmak _aالوجود |
| 651 | _2qrmak | ||
| 942 |
_2ddc _cBK |
||